000 00991cam a2200277u 4500
999 _c130120
_d130120
001 10248119
003 ARRUPE
005 20191204114103.0
008 830505s1952 nyuj 000 0ceng
010 _a 52012852
040 _aDLC
_cCarP
_dDLC
043 _ae-uk---
050 0 0 _aPR3011
_b.M8
100 1 _aMutschmann, Heinrich,
_d1885-1955.
_948898
245 1 0 _aShakespeare and Catholicism,
_cHeinrich Mutschmann and karl P. Wenterdorf
260 _aNew York,
_bSheed and Ward,
_c1952.
300 _axvii, 446 p.
_bgeneal. tables.
_c22 cm.
600 1 0 _aShakespeare, William,
_d1564-1616
_xReligion.
_948899
650 0 _aCatholics
_zEngland
_xHistory
_y16th century.
_98510
650 0 _aCatholics
_zEngland
_xIntellectual life.
_911400
650 0 _aReligion in literature.
_99002
651 0 _aEngland
_xChurch history
_y16th century.
_911196
700 1 _aWentersdorf, Karl P.,
_ejoint author.
_948900
906 _a0
_bcbc
_cpremunv
_du
_encip
_f19
_gy-gencatlg
942 _2lcc
_cMONOGRAPH